000
00260nam a2200109Ia 4500
008
231212s1984 xx 000 0 und d
041
_a
eng
082
_a
621.3841
100
_a
Deshmukh B.H.
245
_a
Elements Of Electrical
260
_a
Pune
_b
Tata Mc
_c
1984
999
_c
959159
_d
959159